Wen kostete diese Affäre letztlich das Amt? - Statistiken

Allgemein
  • Dieses Quiz wurde 169 mal gespielt
  • Das Durchschnittsergebnis liegt bei 5 aus 9
Antwortstatistiken
Affäre Name Verlorenes Amt % Korrekt
Watergate Richard Nixon US-Präsident
92%
Partygate Boris Johnson Britischer Premierminister
78%
Guillaume-Affäre Willy Brandt Deutscher Bundeskanzler
74%
CDU-Spendenaffäre Helmut Kohl CDU-Vorsitzender
72%
Umfragenaffäre Sebastian Kurz Österreichischer Kanzler
70%
Plagiatsaffäre Karl Theodor zu Guttenberg Deutscher Verteidigungsminister
64%
Ibiza-Affäre Heinz Christian Strache Österreichischer Vizekanzler
43%
Schubladenaffäre Björn Engholm Ministerpräsident von Schleswig-Holstein
25%
Amigo-Affäre Max Streibl Bayerischer Ministerpräsident
20%
Keine übereinstimmenden Quizze gefunden
Verteilung der Resultate
Anzahl Personen mit jedem Resultat
Perzentil nach korrekt beantworteten Fragen
Ihre Resultats-Entwicklung
Sie haben dieses Quiz noch nicht gespielt